000 00635nam a22002057i 4500
003 URS
020 _a9789710596003
050 _aHF5415
_bG53f 2010
100 1 _aGo, Josiah
245 _aFundamentals of marketing in the philippine setting
264 1 _aPhilippine
_bJosiah and carolina Go Foundation, Incorporated
_c2010.
300 _a440 pages
_billustrations
_c22cm
336 _atext
_btxt
_2rdacontent
337 _aunmediated
_bn
_2rdamedia
338 _avolume
_bnc
_2rdacarrier
500 _aIncludes references, appendix, glossary and index
650 0 _aMarketing--Management.
650 0 _aGo, Chiqui Escareal
942 _cF
999 _c7725
_d7725